[Event "FIDE Chesscom Grand Swiss 2021"]
[Site "Riga"]
[Date "2021.11.06"]
[Round "10.54"]
[White "Van Foreest, Lucas"]
[Black "Rakotomaharo, Fy Antenaina"]
[Result "1/2-1/2"]
[WhiteElo "2543"]
[BlackElo "2484"]
[Annotator "ChessBase"]
[PlyCount "151"]
[EventDate "2021.10.27"]
[EventType "swiss"]
[EventCountry "LAT"]
[Tiebreak "Cut1 Buchholz+Sonneborn-Berger (Swiss)"]
[SourceTitle "playchess.com"]
[Source "ChessBase"]
[SourceQuality "1"]
[TimeControl "40/6000+30:20/3000+30:900+30"]

1. d4 {[%emt 0:00:13]} Nf6 {[%emt 0:00:23]} 2. c4 {[%emt 0:00:06]} e6 {[%emt 0:
00:06]} 3. Nc3 {[%emt 0:00:04]} Bb4 {[%emt 0:00:04]} 4. Qc2 {[%emt 0:00:05]} c5
{[%emt 0:00:19]} 5. dxc5 {[%emt 0:00:06]} Qc7 {[%emt 0:00:15]} 6. Nf3 {[%emt 0:
03:27]} Bxc5 {[%emt 0:00:16]} 7. e3 {[%emt 0:00:41]} a6 {[%emt 0:00:24]} 8. a3
{[%emt 0:06:31]} b6 {[%emt 0:00:15]} 9. b4 {[%emt 0:03:09]} Be7 {[%emt 0:00:07]
} 10. Bb2 {[%emt 0:00:16]} Bb7 {[%emt 0:00:07]} 11. Bd3 {[%emt 0:08:29]} d6 {
[%emt 0:02:58]} 12. O-O {[%emt 0:03:51]} Nbd7 {[%emt 0:01:06]} 13. Ne4 {
[%emt 0:05:33]} Rc8 {[%emt 0:08:00]} 14. Rac1 {[%emt 0:01:28]} h6 {[%emt 0:00:
54]} 15. h3 {[%emt 0:20:39]} O-O {[%emt 0:03:17]} 16. Ned2 {[%emt 0:01:44]} Qb8
{[%emt 0:15:35]} 17. Qb1 {[%emt 0:00:22]} Bd8 {[%emt 0:05:40]} 18. Rfd1 {
[%emt 0:03:30]} Re8 {[%emt 0:04:00]} 19. Ne4 {[%emt 0:09:55]} Be7 {[%emt 0:07:
58]} 20. Ned2 {[%emt 0:05:42]} Qa8 {[%emt 0:04:15]} 21. Re1 {[%emt 0:04:50]}
Bd8 {[%emt 0:05:22]} 22. e4 {[%emt 0:01:34]} Bc7 {[%emt 0:04:29]} 23. Bf1 {
[%emt 0:00:02]} Red8 {[%emt 0:04:52]} 24. Rcd1 {[%emt 0:00:41]} Ne5 {[%emt 0:
02:53]} 25. Nxe5 {[%emt 0:00:43]} dxe5 {[%emt 0:00:07]} 26. Qa1 {[%emt 0:01:17]
} a5 {[%emt 0:11:13]} 27. f3 {[%emt 0:02:19]} axb4 {[%emt 0:08:10]} 28. axb4 {
[%emt 0:00:30]} Qxa1 {[%emt 0:00:04]} 29. Bxa1 {[%emt 0:00:04]} Ra8 {[%emt 0:
00:14]} 30. Nb3 {[%emt 0:00:39]} Rxd1 {[%emt 0:00:46]} 31. Rxd1 {[%emt 0:00:01]
} Ra3 {[%emt 0:00:19]} 32. Nd2 {[%emt 0:02:09]} Bc6 {[%emt 0:03:24]} 33. Bb2 {
[%emt 0:03:52]} Ra2 {[%emt 0:00:35]} 34. Bc3 {[%emt 0:02:39]} Rc2 {[%emt 0:00:
38]} 35. Nb1 {[%emt 0:00:23]} Ba4 {[%emt 0:00:37]} 36. Rd2 {[%emt 0:00:44]}
Rxd2 {[%emt 0:13:06]} 37. Bxd2 {[%emt 0:00:21]} Bc6 {[%emt 0:00:18]} 38. Nc3 {
[%emt 0:00:16]} h5 {[%emt 0:00:52]} 39. Bd3 {[%emt 0:00:43]} Bd6 {[%emt 0:01:
47]} 40. Nd1 {[%emt 0:02:59]} Nd7 {[%emt 0:02:15]} 41. Nb2 {[%emt 0:50:28]} Kf8
{[%emt 0:03:11]} 42. Kf2 {[%emt 0:00:00]} h4 {[%emt 0:03:24]} 43. Bc2 {[%emt 0:
00:00]} f6 {[%emt 0:03:43]} 44. Ba4 {[%emt 0:00:00]} Nb8 {[%emt 0:00:20]} 45.
Bxc6 {[%emt 0:00:00]} Nxc6 {[%emt 0:00:05]} 46. Nd3 {[%emt 0:00:00]} Ke7 {
[%emt 0:06:28]} 47. Bc3 {[%emt 0:00:00]} Kd7 {[%emt 0:02:17]} 48. Ke3 {[%emt 0:
00:00]} g5 {[%emt 0:05:07]} 49. Kd2 {[%emt 0:00:00]} Kc7 {[%emt 0:06:36]} 50.
b5 {[%emt 0:00:00]} Nb8 {[%emt 0:03:08]} 51. Kc2 {[%emt 0:00:00]} Nd7 {[%emt 0:
01:38]} 52. Nb4 {[%emt 0:00:00]} Nf8 {[%emt 0:03:19]} 53. Kb3 {[%emt 0:00:00]}
Ng6 {[%emt 0:02:14]} 54. Bd2 {[%emt 0:00:00]} Be7 {[%emt 0:10:14]} 55. Nd3 {
[%emt 0:00:00]} f5 {[%emt 0:01:42]} 56. Be3 {[%emt 0:00:00]} Kb7 {[%emt 0:02:
02]} 57. Kc2 {[%emt 0:02:03]} Kc7 {[%emt 0:00:32]} 58. Kd1 {[%emt 0:00:22]} Kb7
{[%emt 0:02:47]} 59. Ke1 {[%emt 0:00:27]} Kc7 {[%emt 0:01:20]} 60. Kf1 {
[%emt 0:00:33]} Kb7 {[%emt 0:01:09]} 61. c5 {[%emt 0:15:10]} bxc5 {[%emt 0:03:
08]} 62. Nxc5+ {[%emt 0:00:00]} Bxc5 {[%emt 0:00:38]} 63. Bxc5 {[%emt 0:00:00]}
Kc7 {[%emt 0:00:21]} 64. Kf2 {[%emt 0:00:00]} Kd7 {[%emt 0:07:23]} 65. Kf1 {
[%emt 0:00:00]} Kc7 {[%emt 0:00:27]} 66. Kg1 {[%emt 0:00:00]} Kd7 {[%emt 0:03:
36]} 67. Kf2 {[%emt 0:00:00]} Kc7 {[%emt 0:01:29]} 68. Be3 {[%emt 0:00:00]} Nf4
{[%emt 0:00:05]} 69. g3 {[%emt 0:00:20]} Nh5 {[%emt 0:01:50]} 70. gxh4 {
[%emt 0:02:12]} gxh4 {[%emt 0:00:05]} 71. Bg5 {[%emt 0:05:11]} fxe4 {[%emt 0:
01:24]} 72. fxe4 {[%emt 0:01:00]} Nf4 {[%emt 0:00:29]} 73. Bxh4 {[%emt 0:04:35]
} Nxh3+ {[%emt 0:00:10]} 74. Ke3 {[%emt 0:01:06]} Kb6 {[%emt 0:00:09]} 75. Bf6
{[%emt 0:00:10]} Kxb5 {[%emt 0:00:10]} 76. Bxe5 {[%emt 0:00:04]} 1/2-1/2

[Event "FIDE Chesscom Grand Swiss 2021"]
[Site "Riga"]
[Date "2021.11.07"]
[Round "11.1"]
[White "Oparin, Grigoriy"]
[Black "Firouzja, Alireza"]
[Result "1/2-1/2"]
[WhiteElo "2654"]
[BlackElo "2770"]
[Annotator "ChessBase"]
[PlyCount "56"]
[EventDate "2021.10.27"]
[EventType "swiss"]
[EventCountry "LAT"]
[Tiebreak "Cut1 Buchholz+Sonneborn-Berger (Swiss)"]
[SourceTitle "playchess.com"]
[Source "ChessBase"]
[SourceQuality "1"]
[TimeControl "40/6000+30:20/3000+30:900+30"]

1. e4 {[%emt 0:00:03]} e5 {[%emt 0:00:08]} 2. Nf3 {[%emt 0:00:04]} Nc6 {
[%emt 0:00:06]} 3. Bb5 {[%emt 0:00:06]} Nf6 {[%emt 0:00:09]} 4. d3 {[%emt 0:00:
07]} Bc5 {[%emt 0:00:22]} 5. Bxc6 {[%emt 0:00:13]} dxc6 {[%emt 0:00:09]} 6. O-O
{[%emt 0:00:12]} Nd7 {[%emt 0:01:19]} 7. c3 {[%emt 0:00:23]} O-O {[%emt 0:07:
14]} 8. d4 {[%emt 0:00:08]} Bd6 {[%emt 0:01:52]} 9. Bg5 {[%emt 0:00:26]} f6 {
[%emt 0:00:05]} 10. Bh4 {[%emt 0:00:03]} Qe8 {[%emt 0:03:03]} 11. Nbd2 {
[%emt 0:00:46]} a5 {[%emt 0:04:33]} 12. Qc2 {[%emt 0:03:03]} Qf7 {[%emt 0:07:
36]} 13. Bg3 {[%emt 0:03:26]} a4 {[%emt 0:04:38]} 14. b3 {[%emt 0:11:06]} exd4
{[%emt 0:03:14]} 15. Bxd6 {[%emt 0:14:39]} cxd6 {[%emt 0:00:42]} 16. Nxd4 {
[%emt 0:00:11]} axb3 {[%emt 0:09:29]} 17. axb3 {[%emt 0:00:06]} Rxa1 {[%emt 0:
00:05]} 18. Rxa1 {[%emt 0:00:04]} d5 {[%emt 0:05:36]} 19. exd5 {[%emt 0:15:40]}
Qxd5 {[%emt 0:00:48]} 20. Nc4 {[%emt 0:00:06]} Ne5 {[%emt 0:03:38]} 21. Nb6 {
[%emt 0:05:37]} Qd8 {[%emt 0:08:16]} 22. Nxc8 {[%emt 0:00:20]} Qxc8 {[%emt 0:
00:05]} 23. Nf5 {[%emt 0:04:33]} Qe6 {[%emt 0:03:22]} 24. Rd1 {[%emt 0:01:40]}
Nf7 {[%emt 0:02:50]} 25. Nd4 {[%emt 0:05:14]} Qe7 {[%emt 0:00:27]} 26. Nf5 {
[%emt 0:00:11]} Qe6 {[%emt 0:00:06]} 27. Nd4 {[%emt 0:00:20]} Qe7 {[%emt 0:00:
04]} 28. Nf5 {[%emt 0:00:04]} Qe6 1/2-1/2

[Event "FIDE Chesscom Grand Swiss 2021"]
[Site "Riga"]
[Date "2021.11.07"]
[Round "11.2"]
[White "Caruana, Fabiano"]
[Black "Predke, Alexandr"]
[Result "1/2-1/2"]
[WhiteElo "2800"]
[BlackElo "2666"]
[Annotator "TA"]
[PlyCount "91"]
[EventDate "2021.10.27"]
[EventType "swiss"]
[EventCountry "LAT"]
[Tiebreak "Cut1 Buchholz+Sonneborn-Berger (Swiss)"]
[SourceTitle "playchess.com"]
[Source "ChessBase"]
[SourceQuality "1"]

{[%evp 22,91,17,14,36,35,32,23,31,32,57,20,30,8,8,9,9,9,9,18,5,8,12,1,5,7,5,10,
0,0,0,-11,-3,-16,0,0,0,-51,0,0,0,-6,-4,-10,-8,-8,0,0,0,-25,0,0,0,0,14,14,14,16,
14,0,12,17,21,23,20,5,5,5,5,5,13,0]} 1. e4 e5 2. Nf3 Nc6 3. Bb5 a6 4. Ba4 Nf6
5. O-O Be7 6. d3 d6 7. c3 O-O 8. Nbd2 Re8 9. Re1 Bf8 10. Nf1 h6 11. Ng3 b5 12.
Bb3 a5 {C90: Closed Ruy Lopez with 7...d6: Early deviations.} 13. a4 b4 14. h3
{[#]} bxc3 $146 {White has an edge.} ({Predecessor:} 14... Rb8 15. Qc2 Ba6 16.
Ba2 Nd7 17. d4 bxc3 18. bxc3 exd4 19. Nxd4 Nde5 20. Be3 Nxd4 21. Bxd4 {1-0 (40)
Roelli,R-Aschenbrenner,R Mureck 1996}) 15. bxc3 {[%cal Bb2c3,Bc3c4][%mdl 32]}
Be6 16. Bc2 d5 17. exd5 Qxd5 18. Rb1 Rab8 19. Rb5 {[%mdl 64] [#] Decoy} Rxb5
20. c4 $1 {[%cal Rc4d5]} Qd6 21. axb5 Nd4 22. Bb2 Nxf3+ 23. Qxf3 Qb4 $36 {
[%mdl 2048] Black is pushing.} 24. Rb1 Qd2 25. Qd1 (25. Qe2 {is interesting.}
Qxe2 26. Nxe2 Nd7 27. Bc3 e4 28. Bxa5 exd3 29. Bxd3 Nc5 30. Bc2) 25... Qxd1+
26. Bxd1 Bb4 27. Bf3 e4 28. dxe4 Bxc4 29. e5 (29. Rc1 $11 Bxb5 30. Rxc7) 29...
Nd5 (29... Nh7 $1 $15) 30. Rc1 $11 Nb6 31. Nf5 Bd3 32. Ne3 Bxb5 33. Rxc7 Re7
34. Rc1 Rd7 35. Be4 Bd2 36. Rc5 Bd3 37. Bf3 Kh7 {Strongly threatening ...Bxe3.}
38. Rc6 Bxe3 39. fxe3 Nc4 {[%mdl 64] [#] Double Attack} 40. Bd4 Re7 41. Rc5 a4
42. Bc6 {Threatens to win with Bb5.} a3 43. Bb5 {The position is equal.} Nb2
44. Bxb2 Bxb5 45. Bxa3 Rb7 46. e6 {Weighted Error Value: White=0.09/Black=0.07}
1/2-1/2

[Event "FIDE Chesscom Grand Swiss 2021"]
[Site "Riga"]
[Date "2021.11.07"]
[Round "11.3"]
[White "Yu, Yangyi"]
[Black "Vachier-Lagrave, Maxime"]
[Result "1/2-1/2"]
[WhiteElo "2704"]
[BlackElo "2763"]
[Annotator "TA"]
[PlyCount "78"]
[EventDate "2021.10.27"]
[EventType "swiss"]
[EventCountry "LAT"]
[Tiebreak "Cut1 Buchholz+Sonneborn-Berger (Swiss)"]
[SourceTitle "playchess.com"]
[Source "ChessBase"]
[SourceQuality "1"]

{[%evp 12,78,37,0,16,0,2,16,29,9,24,18,24,13,25,16,23,20,25,22,29,8,26,23,30,
26,23,37,22,34,40,25,0,45,85,39,83,74,96,100,97,88,100,34,32,41,29,0,0,0,0,0,0,
0,0,0,0,0,0,0,0,0,0,0,0,0,0,0,0]} 1. e4 c5 2. Nf3 d6 3. d4 cxd4 4. Nxd4 Nf6 5.
Nc3 a6 6. h3 e5 7. Nb3 Be6 {B90: Sicilian Najdorf: Unusual White 6th moves, 6
Be3 Ng4 and 6 Be3 e5.} 8. Be3 Be7 9. f4 exf4 10. Bxf4 Nc6 11. Qe2 Nd7 12. O-O-O
Nce5 13. Kb1 Rc8 14. Qe3 O-O 15. g4 Re8 16. Nd4 Qa5 17. a3 b5 18. Nf5 {[#]} b4
$146 ({Predecessor:} 18... Bxf5 19. gxf5 Nf6 20. Nd5 Nxd5 21. Rxd5 Bf6 22. Rxd6
Qc7 23. Rd2 Qb7 24. Bxe5 Rxe5 {1/2-1/2 (49) Straka,Z (2576)-Daubenfeld,N (2533)
ICCF email 2017}) 19. Nxe7+ Rxe7 20. axb4 Qxb4 {[#] aiming for ...Rb8.} 21. Qd4
$1 {[%cal Rd4b4]} Qa5 22. Qxd6 Ree8 23. Nd5 Qa4 24. Rh2 Bxd5 25. Qxd5 Nf6 {[#]}
26. Qb3 {[%cal Rb3a4]} Qxe4 27. Bxe5 (27. Rf2 $16) 27... Qxe5 $14 28. Re2 Ne4
$1 29. Qd5 (29. Rd5 $5 {[%cal Rd5e5]} Qe6 30. Rd3 $11) 29... Qf4 {The position
is equal.} 30. Ka1 g6 {Hoping for ...Re5.} 31. Rde1 {[%cal Re2e4]} Rc5 32. Qxc5
Nxc5 33. Rxe8+ Kg7 34. R8e3 (34. Kb1 {with more complications.} Qb4 35. b3 Na4
36. Bxa6 Nc3+ 37. Kb2) 34... Qd4 35. Kb1 Na4 {[%csl Ga4][%cal Rd4b2]} 36. Rb3
Nc5 37. Ra3 Na4 {[%csl Ga4][%cal Rd4b2]} 38. Rb3 Nc5 39. Ra3 Na4 {[%csl Ga4]
[%cal Rd4b2] Weighted Error Value: White=0.07/Black=0.06} 1/2-1/2

[Event "FIDE Chesscom Grand Swiss 2021"]
[Site "Riga"]
[Date "2021.11.07"]
[Round "11.4"]
[White "Deac, Bogdan-Daniel"]
[Black "Esipenko, Andrey"]
[Result "1/2-1/2"]
[WhiteElo "2643"]
[BlackElo "2720"]
[Annotator "TA"]
[PlyCount "87"]
[EventDate "2021.10.27"]
[EventType "swiss"]
[EventCountry "LAT"]
[Tiebreak "Cut1 Buchholz+Sonneborn-Berger (Swiss)"]
[SourceTitle "playchess.com"]
[Source "ChessBase"]
[SourceQuality "1"]

{[%evp 9,87,13,29,27,31,21,23,18,18,20,23,25,27,16,25,36,68,65,61,31,62,0,0,0,
16,6,9,12,22,10,11,17,16,12,12,9,22,16,22,22,22,22,22,22,22,0,0,0,22,19,21,0,0,
0,0,0,0,0,0,0,0,0,0,0,0,0,0,0,0,0,0,0,0,0,0,0,0,0,0,0]} 1. d4 {Gelfand/Huzman}
Nf6 2. c4 e6 3. Nf3 d5 4. Nc3 Nbd7 5. Bf4 dxc4 6. e3 {D37: Queen's Gambit
Declined: 5 Bf4.} Bd6 7. Bg5 h6 8. Bh4 {White has an edge.} a6 9. a4 c5 10.
Bxc4 cxd4 11. exd4 O-O 12. O-O Qc7 13. Bb3 b6 14. Rc1 Qb8 {[#]} 15. Qe2 $146 (
15. d5 $14) ({Predecessor:} 15. d5 e5 16. Nd2 e4 17. Ncxe4 Nxe4 18. Nxe4 Bxh2+
19. Kh1 Qf4 20. Be7 Qxe4 21. Re1 {1-0 (97) Gelfand,B (2764)-Dominguez Perez,L 
(2757) Elancourt 2013 CBM 157 [Gelfand/Huzman]}) 15... Bb7 $11 {The position
is equal.} 16. Bxf6 Bxf3 ({Don't play} 16... gxf6 $6 17. d5 $16) 17. Qxf3 {
[#] Bh4 is the strong threat.} Nxf6 ({Wrong is} 17... Bxh2+ $2 18. Kh1 $18) 18.
g3 b5 19. axb5 axb5 20. Ne4 Be7 21. Nxf6+ Bxf6 22. d5 exd5 23. Bxd5 Bxb2 {
[#] Threatens to win with ...Ra3.} 24. Rb1 Ra3 25. Qe2 Bf6 26. Rxb5 Qe8 27. Qc4
(27. Qh5 {feels hotter.} Bd4 28. Rb7 Ra7 29. Rxa7 Bxa7 30. Rd1) 27... Rc3 28.
Qb4 Be7 29. Qxc3 Qxb5 30. Qc4 (30. Qf3 {keeps more tension.} Qb2 31. Qe4 Bf6
32. Rb1 Qd4 33. Qf3) 30... Qxc4 31. Bxc4 {[%mdl 4096] Endgame KRB-KRB} Rc8 32.
Rc1 {aiming for Bxf7+!} Kf8 33. Rc2 Bf6 34. Bd3 Rxc2 35. Bxc2 {KB-KB} g6 36. h4
h5 37. Kg2 Kg7 38. f4 Bd4 39. f5 Kf6 40. fxg6 fxg6 41. g4 hxg4 42. Kg3 g5 43.
Kxg4 gxh4 44. Kxh4 {Weighted Error Value: White=0.05/Black=0.04} 1/2-1/2

[Event "FIDE Chesscom Grand Swiss 2021"]
[Site "Riga"]
[Date "2021.11.07"]
[Round "11.5"]
[White "Sargissian, Gabriel"]
[Black "Shirov, Alexei"]
[Result "1/2-1/2"]
[WhiteElo "2664"]
[BlackElo "2659"]
[Annotator "TA"]
[PlyCount "60"]
[EventDate "2021.10.27"]
[EventType "swiss"]
[EventCountry "LAT"]
[Tiebreak "Cut1 Buchholz+Sonneborn-Berger (Swiss)"]
[SourceTitle "playchess.com"]
[Source "ChessBase"]
[SourceQuality "1"]

{[%evp 35,60,70,66,0,0,0,0,0,0,0,0,0,0,0,0,0,0,0,0,0,0,0,0,0,0,0,0]} 1. d4 d5
2. c4 c6 3. Nf3 Nf6 4. Nc3 e6 5. Bg5 dxc4 6. e4 b5 7. e5 h6 8. Bh4 g5 9. Nxg5
hxg5 10. Bxg5 Nbd7 11. g3 Bb7 12. Bg2 Qb6 13. exf6 O-O-O 14. O-O c5 15. d5 b4
16. Rb1 Qa6 17. dxe6 Bxg2 18. e7 Bxf1 {[#]} 19. Qd5 {D44: Semi-Slav: Botvinnik
System.} Bxe7 {The position is equal.} 20. fxe7 Bd3 $1 (20... Rdg8 $6 21. Ne4
$16) 21. exd8=Q+ Rxd8 22. Ne4 {[%cal Re4d6]} ({Avoid the trap} 22. Bxd8 $2 bxc3
23. Bg5 (23. Qa8+ $2 Nb8 $19) 23... Bxb1 $19) 22... Bxb1 23. Nd6+ {[%mdl 64] 
[#] Double Attack} Kc7 24. Bf4 Kb6 25. Nxc4+ ({Reject} 25. Nxf7 Qc8 $17) 25...
Kb5 {White must now prevent ...Nb6.} 26. Nd6+ Kb6 {[#]} 27. Nc4+ $5 $146 {
[%mdl 8] New and interesting.} ({Predecessor:} 27. a4 bxa3 28. Nc4+ Qxc4 29.
Qxc4 a2 30. Qb3+ Kc6 31. Qf3+ Kb6 32. Qb3+ Kc6 33. Qf3+ Kb6 34. Qb3+ {1/2-1/2 
(34) Bologan,V (2607)-Inarkiev,E (2660) Poikovsky 2015}) 27... Kb5 {aiming for
...Ne5!} 28. Nd6+ Kb6 29. Nc4+ Kb5 {Hoping for ...Ne5!} 30. Nd6+ Kb6 {A rather
calm draw.  Weighted Error Value: White=0.05/Black=0.00} 1/2-1/2

[Event "FIDE Chesscom Grand Swiss 2021"]
[Site "Riga"]
[Date "2021.11.07"]
[Round "11.6"]
[White "Anton Guijarro, David"]
[Black "Sevian, Samuel"]
[Result "1/2-1/2"]
[WhiteElo "2658"]
[BlackElo "2654"]
[Annotator "TA"]
[PlyCount "60"]
[EventDate "2021.10.27"]
[EventType "swiss"]
[EventCountry "LAT"]
[Tiebreak "Cut1 Buchholz+Sonneborn-Berger (Swiss)"]
[SourceTitle "playchess.com"]
[Source "ChessBase"]
[SourceQuality "1"]

{[%evp 9,60,2,10,8,14,8,8,4,7,8,14,5,0,0,8,3,0,-10,0,-7,-12,0,-13,-25,0,0,0,0,
8,7,12,7,8,0,0,0,0,1,2,0,0,0,0,0,0,0,0,0,0,0,0,0,0]} 1. d4 Nf6 2. Nf3 d5 3. e3
a6 4. Bd3 Bg4 5. c4 dxc4 6. Bxc4 {Strongly threatening Ne5. D04: Colle System.}
e6 7. O-O {[#]} c5 $146 ({Predecessor:} 7... Bd6 8. Nc3 Nc6 9. h3 Bh5 10. b3
O-O 11. Bb2 Qe7 12. g4 Bg6 13. Nh4 Rad8 14. Nxg6 hxg6 {0-1 (32) Albadri,A 
(2216)-Ragger,M (2614) Vienna 2010}) 8. dxc5 Qxd1 9. Rxd1 Bxc5 10. a3 O-O 11.
b4 Be7 12. Bb2 a5 13. bxa5 Nc6 14. Nbd2 Nxa5 15. Bb5 Nd5 16. Rdc1 Bxf3 17. gxf3
{The position is equal.} Bf6 18. Bxf6 Nxf6 19. Rc2 Rfd8 20. Rb1 Kf8 (20... Rdc8
{looks sharper.} 21. Rbb2 g5 22. a4 b6 23. Kg2 Kg7) 21. a4 Rac8 22. Rbc1 Rxc2
23. Rxc2 Nd5 24. Ne4 Nb6 25. Kg2 Rc8 26. Rb2 Ke7 27. f4 Nd5 28. h4 g6 29. Ng5
b6 30. Nf3 Nc4 {A rather calm draw.  Weighted Error Value: White=0.03/Black=0.
01} 1/2-1/2

[Event "FIDE Chesscom Grand Swiss 2021"]
[Site "Riga"]
[Date "2021.11.07"]
[Round "11.7"]
[White "Howell, David W L"]
[Black "Keymer, Vincent"]
[Result "1/2-1/2"]
[WhiteElo "2658"]
[BlackElo "2630"]
[Annotator "RC"]
[PlyCount "152"]
[EventDate "2021.10.27"]
[EventType "swiss"]
[EventCountry "LAT"]
[Tiebreak "Cut1 Buchholz+Sonneborn-Berger (Swiss)"]
[SourceTitle "playchess.com"]
[Source "ChessBase"]
[SourceQuality "1"]
[TimeControl "40/6000+30:20/3000+30:900+30"]

1. Nf3 {[%emt 0:03:46]} d5 {[%emt 0:00:06]} 2. g3 {[%emt 0:00:18]} c6 {[%emt 0:
00:20]} 3. Bg2 {[%emt 0:02:03]} Bg4 {[%emt 0:00:06]} 4. c4 {[%emt 0:03:26]} e6
{[%emt 0:09:09]} 5. cxd5 {[%emt 0:01:23]} Bxf3 {[%emt 0:01:21]} 6. Bxf3 {
[%emt 0:00:11]} cxd5 {[%emt 0:00:04]} 7. O-O {[%emt 0:00:49]} Nc6 {[%emt 0:01:
11]} 8. d4 {[%emt 0:03:01]} Nf6 {[%emt 0:06:31]} 9. Nc3 {[%emt 0:02:01]} Be7 {
[%emt 0:00:10]} 10. e3 {[%emt 0:00:22]} O-O {[%emt 0:00:08]} 11. Bd2 {[%emt 0:
07:36]} Na5 {[%emt 0:02:08]} 12. b3 {[%emt 0:14:26]} Nc6 {[%emt 0:03:01]} 13.
a3 {[%emt 0:09:16]} Rc8 {[%emt 0:06:08]} 14. Qb1 {[%emt 0:10:57]} e5 {[%emt 0:
17:53]} 15. dxe5 {[%emt 0:07:57]} Nxe5 {[%emt 0:00:07]} 16. Bg2 {[%emt 0:00:10]
} Ne4 {[%emt 0:03:06]} 17. Nxe4 {[%emt 0:06:18]} dxe4 {[%emt 0:00:17]} 18. Rd1
{[%emt 0:00:13]} f5 {[%emt 0:00:51]} 19. Bc3 {[%emt 0:02:47]} Nd3 {[%emt 0:26:
37]} 20. Bd4 {[%emt 0:01:47]} Bf6 {[%emt 0:01:16]} 21. Bf1 {[%emt 0:00:31]}
Bxd4 {[%emt 0:00:05]} 22. Bxd3 {[%emt 0:02:54]} exd3 {[%emt 0:00:23]} 23. Rxd3
{[%emt 0:05:56]} Bxa1 {[%emt 0:01:19]} 24. Rxd8 {[%emt 0:00:06]} Rfxd8 {
[%emt 0:02:13]} 25. Qxa1 {[%emt 0:00:07]} Rd5 {[%emt 0:01:52]} 26. Qa2 {
[%emt 0:06:04]} Kh8 {[%emt 0:07:52]} 27. b4 {[%emt 0:06:10]} Rcd8 {[%emt 0:00:
06]} 28. Qc2 {[%emt 0:03:30]} a6 {[%emt 0:01:24]} 29. a4 {[%emt 0:04:32]} h6 {
[%emt 0:03:38]} 30. Kg2 {[%emt 0:00:15]} Kg8 {[%emt 0:04:17]} 31. h3 {[%emt 0:
00:41]} Kh8 {[%emt 0:03:26]} 32. Kf3 {[%emt 0:01:00]} R5d6 {[%emt 0:03:14]} 33.
Qc5 {[%emt 0:01:25]} Rd5 {[%emt 0:00:57]} 34. Qe7 {[%emt 0:03:38]} R8d7 {
[%emt 0:00:33]} 35. Qe6 {[%emt 0:01:08]} Kh7 {[%emt 0:00:27]} 36. Kg2 {[%emt 0:
00:53]} R7d6 {[%emt 0:01:09]} 37. Qc8 {[%emt 0:00:26]} b5 {[%emt 0:02:25]} 38.
a5 {[%emt 0:00:21]} Rf6 {[%emt 0:00:15]} 39. Qc2 {[%emt 0:00:43]} Re5 {[%emt 0:
01:49]} 40. Qc3 {[%emt 0:00:51]} Re4 {[%emt 0:01:50]} 41. h4 {[%emt 0:28:04]}
Rc4 {[%emt 0:02:47]} 42. Qd2 {[%emt 0:00:31]} Kg6 {[%emt 0:03:45]} 43. Kh3 {
[%emt 0:01:56]} Re4 {[%emt 0:05:38]} 44. Qc3 {[%emt 0:01:17]} Rc4 {[%emt 0:01:
51]} 45. Qb2 {[%emt 0:00:56]} Re4 {[%emt 0:03:51]} 46. Qb3 {[%emt 0:03:05]} Rc4
{[%emt 0:01:10]} 47. Qb1 {[%emt 0:00:51]} h5 {[%emt 0:04:27]} 48. Qb2 {[%emt 0:
00:22]} Rd6 {[%emt 0:00:40]} 49. Qe5 {[%emt 0:01:43]} Rf6 {[%emt 0:00:59]} 50.
Qe8+ {[%emt 0:02:36]} Kh6 {[%emt 0:00:30]} 51. Qh8+ {[%emt 0:01:06]} Kg6 {
[%emt 0:00:05]} 52. Qe8+ {[%emt 0:00:05]} Kh6 {[%emt 0:00:04]} 53. Qe7 {
[%emt 0:08:56]} Re4 {[%emt 0:00:39]} 54. Qc5 {[%emt 0:00:04]} Rc4 {[%emt 0:01:
04]} 55. Qe7 {[%emt 0:00:06]} Re4 {[%emt 0:00:05]} 56. Qc5 {[%emt 0:00:09]} Rc4
{[%emt 0:00:46]} 57. Qd5 {[%emt 0:04:19]} Re4 {[%emt 0:07:47]} 58. Qd2 {
[%emt 0:01:09]} Rfe6 {[%emt 0:00:28]} 59. Kg2 {[%emt 0:01:30]} Kg6 {[%emt 0:01:
31]} 60. Kf1 {[%emt 0:00:27]} Rc6 {[%emt 0:03:02]} 61. Ke2 {[%emt 0:02:55]}
Rce6 {[%emt 0:05:54]} 62. Kf3 {[%emt 0:02:52]} Rf6 {[%emt 0:00:29]} 63. Kg2 {
[%emt 0:04:57]} Rfe6 {[%emt 0:00:13]} 64. Kh2 {[%emt 0:00:09]} Kh7 {[%emt 0:03:
40]} 65. Kh1 {[%emt 0:03:12]} Rc6 {[%emt 0:01:49]} 66. Kg2 {[%emt 0:01:30]}
Rce6 {[%emt 0:00:52]} 67. Kf1 {[%emt 0:01:01]} Kh6 {[%emt 0:06:48]} 68. Ke1 {
[%emt 0:00:38]} Kh7 {[%emt 0:00:46]} 69. Qd5 {[%emt 0:00:41]} Rf6 {[%emt 0:01:
07]} 70. Qd2 {[%emt 0:00:29]} Rfe6 {[%emt 0:00:46]} 71. Kd1 {[%emt 0:00:37]}
Kh6 {[%emt 0:01:40]} 72. Kc2 {[%emt 0:01:00]} Rc4+ {[%emt 0:00:35]} 73. Kd1 {
[%emt 0:01:08]} Rce4 {[%emt 0:00:16]} 74. Ke2 {[%emt 0:01:33]} Kg6 {[%emt 0:00:
18]} 75. Qd5 {[%emt 0:00:19]} Rf6 {[%emt 0:01:35]} 76. Qd2 {[%emt 0:00:45]}
Rfe6 {[%emt 0:02:20]} 1/2-1/2

[Event "FIDE Chesscom Grand Swiss 2021"]
[Site "Riga"]
[Date "2021.11.07"]
[Round "11.8"]
[White "Kryvoruchko, Yuriy"]
[Black "Aronian, Levon"]
[Result "1/2-1/2"]
[WhiteElo "2686"]
[BlackElo "2782"]
[Annotator "TA"]
[PlyCount "61"]
[EventDate "2021.10.27"]
[EventType "swiss"]
[EventCountry "LAT"]
[Tiebreak "Cut1 Buchholz+Sonneborn-Berger (Swiss)"]
[SourceTitle "playchess.com"]
[Source "ChessBase"]
[SourceQuality "1"]

{[%evp 16,61,8,9,24,16,8,27,20,21,14,15,18,11,14,12,19,8,12,10,35,-2,-2,-2,-2,
-6,-2,-3,0,0,0,0,0,0,0,0,0,0,0,-2,-2,-2,-2,-2,0,0,0,-15]} 1. e4 e5 2. Nf3 Nc6
3. Bb5 Nf6 4. O-O Nxe4 5. Re1 Nd6 6. Nxe5 Be7 7. Bf1 Nxe5 8. Rxe5 O-O 9. d4 Bf6
{C67: Ruy Lopez: Berlin Defence: 4 0-0 Nxe4.} 10. Re2 b6 11. Re1 Bb7 {White
has an edge.} 12. Bf4 Nf5 13. c3 {[#]} Re8 $146 ({Predecessor:} 13... d6 14.
Qg4 Nh4 15. Nd2 Re8 16. Rxe8+ Qxe8 17. Bg5 Qe7 18. Bxf6 Qxf6 19. Re1 h6 {
1/2-1/2 (68) Goslawski,M (2114)-Przedmojski,R (2357) Warsaw 2021}) 14. Nd2 Rxe1
15. Qxe1 g5 16. Bg3 Nxg3 17. hxg3 c5 18. Ne4 cxd4 {The position is equal.} 19.
Rd1 Bxe4 20. Qxe4 d5 21. Qf5 h6 22. cxd4 Qd6 23. Be2 Re8 24. Bf3 Qe6 25. Qxd5
Qxd5 26. Bxd5 $11 {KRB-KRB} Rd8 27. Bc4 Rxd4 28. Rxd4 Bxd4 29. b3 Kg7 30. Kf1
f5 31. f3 {A rather calm draw.  Weighted Error Value: White=0.03/Black=0.03}
1/2-1/2